COLOR ATLAS OF ORAL DISEASES. (Record no. 9890)

MARC details
000 -LEADER
fixed length control field 00335nam a22001577a 4500
003 - CONTROL NUMBER IDENTIFIER
control field SGT
020 ## - INTERNATIONAL STANDARD BOOK NUMBER
International Standard Book Number 3-13-717003-6
082 ## - DEWEY DECIMAL CLASSIFICATION NUMBER
Classification number 617.63
100 ## - MAIN ENTRY--PERSONAL NAME
Personal name LASKARIS,GEORGE
245 ## - TITLE STATEMENT
Title COLOR ATLAS OF ORAL DISEASES.
250 ## - EDITION STATEMENT
Edition statement 3RD
260 ## - PUBLICATION, DISTRIBUTION, ETC. (IMPRINT)
Place of publication, distribution, etc NEW YORK
Name of publisher, distributor, etc THIEME PUBLICATION
Year of Publication 1998
300 ## - PAGE DESCRIPTION
No. of Pages 454
650 ## - SUBJECT ADDED ENTRY--TOPICAL TERM
Topical term or geographic name as entry element OMR
942 ## - ADDED ENTRY ELEMENTS (KOHA)
Source of classification or shelving scheme Dewey Decimal Classification
Koha item type Books
Holdings
Withdrawn status Lost status Source of classification or shelving scheme Damaged status Not for loan Home library Current library Shelving location Date acquired Vendor Name Cost, normal purchase price SGTU Bill Number Total Checkouts Full call number Accession No. (Barcode) Date last seen Bill Date Koha item type
    Dewey Decimal Classification     SGT Dental Library SGT Dental Library Reference Book 09/09/2016 ABC 12600.00 SGTU 6923   617.63,C98L FD7424 09/09/2016   Books